[Event "Xtracon Skakligaen"]
[Site "Denmark"]
[Date "2016.10.30"]
[Round "2.4"]
[White "Bekker Jensen, Simon"]
[Black "Olsen, Filip Boe"]
[Result "1/2-1/2"]
[WhiteElo "2466"]
[BlackElo "2241"]
[PlyCount "115"]
[EventDate "2016.10.29"]
[EventType "team-tourn"]
[EventRounds "9"]
[EventCountry "DEN"]
[WhiteTeam "Philidor 1"]
[BlackTeam "Nordre 1"]
[WhiteTeamCountry "DEN"]
[BlackTeamCountry "DEN"]

1. c4 c6 2. Nf3 d5 3. e3 Nf6 4. Nc3 Bf5 5. cxd5 cxd5 6. Qb3 Bc8 7. Bb5+ Nc6 8.
Ne5 Qd6 9. Qa4 Bd7 10. Nxd7 Nxd7 11. d4 e6 12. Bd2 Be7 13. O-O O-O 14. Rac1
Rfc8 15. Qc2 a6 16. Bd3 h6 17. Qb1 b5 18. Rfd1 Nb6 19. Bf1 Qd7 20. Be1 Rc7 21.
g3 Rac8 22. Bg2 Bf6 23. Ne2 Be7 24. Nf4 a5 25. Bf1 Nc4 26. b3 Na3 27. Qb2 b4
28. Nd3 Na7 29. Rxc7 Rxc7 30. Rc1 N7b5 31. Rxc7 Qxc7 32. Qc1 Qc2 33. Qxc2 Nxc2
34. Bd2 Nc3 35. a4 bxa3 36. Bxc3 Bb4 37. Bxb4 Nxb4 38. Nc1 Kf8 39. Bb5 Ke7 40.
Kf1 a2 41. Nxa2 Nxa2 42. Ke1 Nc3 43. Bd3 Kd6 44. f3 Na2 45. Kd2 g5 46. e4 f6
47. Ke3 Nb4 48. Be2 e5 49. dxe5+ Kxe5 50. f4+ Kd6 51. fxg5 fxg5 52. exd5 Kxd5
53. Kf3 h5 54. Bb5 Nc6 55. Bc4+ Kd4 56. Bb5 Ne5+ 57. Ke2 h4 58. gxh4 1/2-1/2

[Event "Xtracon Skakligaen"]
[Site "Denmark"]
[Date "2016.10.30"]
[Round "2.5"]
[White "Andersen, Thomas Klitgaard"]
[Black "Mikkelsen, Nikolaj"]
[Result "0-1"]
[WhiteElo "2217"]
[BlackElo "2463"]
[PlyCount "62"]
[EventDate "2016.10.29"]
[EventType "team-tourn"]
[EventRounds "9"]
[EventCountry "DEN"]
[WhiteTeam "Nordre 1"]
[BlackTeam "Philidor 1"]
[WhiteTeamCountry "DEN"]
[BlackTeamCountry "DEN"]

1. d4 Nf6 2. c4 g6 3. Nc3 Bg7 4. e4 d6 5. Be2 O-O 6. Bg5 h6 7. Be3 c5 8. d5 e6
9. h3 exd5 10. exd5 Re8 11. Nf3 Rxe3 12. fxe3 Qe7 13. e4 Nxe4 14. Nxe4 Qxe4 15.
Qd2 Nd7 16. O-O Ne5 17. Rae1 Bf5 18. b3 Nxf3+ 19. Bxf3 Qh4 20. g4 Qxh3 21. Qh2
Bxg4 22. Bxg4 Qxg4+ 23. Kh1 Qd7 24. Re4 Re8 25. Rfe1 Rxe4 26. Rxe4 Kh7 27. Qh4
Qf5 28. Re7 Be5 29. Rxe5 Qxe5 30. Qd8 Qh5+ 31. Kg2 Qg5+ 0-1

[Event "Xtracon Skakligaen"]
[Site "Denmark"]
[Date "2016.10.30"]
[Round "2.7"]
[White "Christensen, Jan Schleicher"]
[Black "Brorsen, Jacob Abildlund"]
[Result "1-0"]
[WhiteElo "2179"]
[BlackElo "2144"]
[PlyCount "103"]
[EventDate "2016.10.29"]
[EventType "team-tourn"]
[EventRounds "9"]
[EventCountry "DEN"]
[WhiteTeam "Nordre 1"]
[BlackTeam "Philidor 1"]
[WhiteTeamCountry "DEN"]
[BlackTeamCountry "DEN"]

1. d4 Nf6 2. Nf3 g6 3. Nc3 d5 4. Bf4 Bg7 5. e3 O-O 6. Be2 c5 7. dxc5 Qa5 8. Nd2
Qxc5 9. Nb3 Qb6 10. a4 Nc6 11. O-O Qd8 12. a5 e5 13. Bg5 Ne7 14. Qd2 Qd6 15.
Rfd1 Be6 16. Bxf6 Bxf6 17. Ne4 Qc7 18. Nxf6+ Kg7 19. Ng4 h5 20. Nxe5 Qxe5 21.
Nd4 Rac8 22. a6 b6 23. c3 Rfd8 24. Ra4 Qf6 25. Nb5 Nc6 26. Rf4 Qe5 27. Nd4 Nxd4
28. Rxd4 Rc5 29. h3 Re8 30. Bf3 Bc8 31. Rxd5 Rxd5 32. Qxd5 Bxa6 33. Qxe5+ Rxe5
34. Rd7 Ra5 35. Rxa7 Bc4 36. Rxa5 bxa5 37. Bd1 Kf6 38. f4 h4 39. b4 axb4 40.
cxb4 g5 41. fxg5+ Kxg5 42. Kf2 f5 43. Be2 Bd5 44. b5 f4 45. Bf3 Bc4 46. b6 Ba6
47. b7 Bxb7 48. Bxb7 fxe3+ 49. Kxe3 Kf5 50. Kf3 Kg5 51. Bc8 Kh5 52. Kf4 1-0

[Event "Xtracon Skakligaen"]
[Site "Denmark"]
[Date "2016.10.30"]
[Round "2.8"]
[White "Frank Nielsen, Marie"]
[Black "Holst, Per"]
[Result "0-1"]
[WhiteElo "1973"]
[BlackElo "2085"]
[PlyCount "70"]
[EventDate "2016.10.29"]
[EventType "team-tourn"]
[EventRounds "9"]
[EventCountry "DEN"]
[WhiteTeam "Philidor 1"]
[BlackTeam "Nordre 1"]
[WhiteTeamCountry "DEN"]
[BlackTeamCountry "DEN"]

1. e4 e6 2. d4 d5 3. e5 c5 4. c3 Nc6 5. Nf3 Bd7 6. Bd3 cxd4 7. O-O Nge7 8. a3
dxc3 9. Nxc3 Ng6 10. Re1 Be7 11. b4 O-O 12. Ra2 Rc8 13. Nb5 f6 14. exf6 Bxf6
15. Bxg6 hxg6 16. Nbd4 Nxd4 17. Nxd4 Rxc1 18. Qxc1 Bxd4 19. Qd1 Qf6 20. Kh1 e5
21. a4 Qd6 22. b5 Rxf2 23. Rxf2 Bxf2 24. Rf1 Bb6 25. Qa1 e4 26. a5 Bc7 27. g3
Bxb5 28. Re1 a6 29. Qd4 Qe5 30. Qa7 Bxa5 31. Rc1 Bc6 32. Qc5 e3 33. Kg1 Bd2 34.
Rf1 e2 35. Rf8+ Kh7 0-1

[Event "Xtracon Skakligaen"]
[Site "Denmark"]
[Date "2016.11.20"]
[Round "3.1"]
[White "Hillarp Persson, Tiger"]
[Black "Schandorff, Lars"]
[Result "1-0"]
[WhiteElo "2513"]
[BlackElo "2511"]
[PlyCount "71"]
[EventDate "2016.10.29"]
[EventType "team-tourn"]
[EventRounds "9"]
[EventCountry "DEN"]
[WhiteTeam "Bronshoj 1"]
[BlackTeam "Hillerod 1"]
[WhiteTeamCountry "DEN"]
[BlackTeamCountry "DEN"]

1. Nf3 d5 2. c4 c6 3. e3 Nf6 4. Nc3 e6 5. b3 Bd6 6. Bb2 O-O 7. d4 Nbd7 8. Be2
b6 9. O-O Bb7 10. Bd3 Qe7 11. Re1 c5 12. cxd5 exd5 13. Rc1 a6 14. Bf5 Rad8 15.
Qc2 Rfe8 16. Red1 c4 17. a4 Nf8 18. Ne5 cxb3 19. Qxb3 Bxe5 20. dxe5 Qxe5 21.
Bh3 Qb8 22. Ne2 Bc8 23. Bxc8 Rxc8 24. Rxc8 Rxc8 25. Bxf6 gxf6 26. Nf4 d4 27.
Rxd4 Rc1+ 28. Rd1 Rxd1+ 29. Qxd1 Qe5 30. h3 f5 31. Qd8 b5 32. axb5 axb5 33. Nd5
Kg7 34. Ne7 f4 35. exf4 Qxf4 36. g4 1-0

[Event "Xtracon Skakligaen"]
[Site "Denmark"]
[Date "2016.11.20"]
[Round "3.2"]
[White "Borge, Nikolaj"]
[Black "Carstensen, Jacob"]
[Result "1-0"]
[WhiteElo "2386"]
[BlackElo "2380"]
[PlyCount "79"]
[EventDate "2016.10.29"]
[EventType "team-tourn"]
[EventRounds "9"]
[EventCountry "DEN"]
[WhiteTeam "Hillerod 1"]
[BlackTeam "Bronshoj 1"]
[WhiteTeamCountry "DEN"]
[BlackTeamCountry "DEN"]

1. e4 c5 2. Nf3 d6 3. Bb5+ Nd7 4. O-O Ngf6 5. Qe2 a6 6. Bd3 b5 7. c4 b4 8. a3
e5 9. axb4 cxb4 10. Bc2 Qb6 11. d4 b3 12. Bd1 exd4 13. Nbd2 Ne5 14. Ne1 Be7 15.
Bxb3 O-O 16. Kh1 Nfd7 17. Bc2 Nc5 18. Ra3 Nc6 19. Bb1 f5 20. exf5 Bxf5 21. Bxf5
Rxf5 22. Nd3 Nxd3 23. Qe6+ Rf7 24. Rxd3 Ne5 25. Rb3 Qc6 26. f4 Raf8 27. Kg1 Nd7
28. Rbf3 Nc5 29. Qe1 Bf6 30. b4 Re7 31. Qd1 Na4 32. Qb3 Nc3 33. b5 Qb7 34. c5+
Kh8 35. bxa6 Qxa6 36. cxd6 Ra7 37. Qe6 Qa2 38. f5 Ra6 39. Nc4 Rc6 40. Ne5 1-0

[Event "Xtracon Skakligaen"]
[Site "Denmark"]
[Date "2016.11.20"]
[Round "3.3"]
[White "Aabling Thomsen, Jakob"]
[Black "Stojanovski, Sandi"]
[Result "1/2-1/2"]
[WhiteElo "2380"]
[BlackElo "2292"]
[PlyCount "127"]
[EventDate "2016.10.29"]
[EventType "team-tourn"]
[EventRounds "9"]
[EventCountry "DEN"]
[WhiteTeam "Bronshoj 1"]
[BlackTeam "Hillerod 1"]
[WhiteTeamCountry "DEN"]
[BlackTeamCountry "DEN"]

1. Nf3 Nf6 2. g3 b5 3. e3 a6 4. a4 b4 5. d4 e6 6. c4 Bb7 7. Bg2 Be7 8. Nbd2 O-O
9. Qc2 c5 10. O-O d6 11. b3 Nbd7 12. Bb2 Rc8 13. Rad1 d5 14. Qb1 Qc7 15. dxc5
Qxc5 16. cxd5 Nxd5 17. Nc4 Qc7 18. Nfe5 Nc5 19. e4 Nf6 20. Nd2 Rfd8 21. Nec4
Nd3 22. e5 Ng4 23. Ne4 Ngxe5 24. Nxe5 Nxe5 25. Qa1 f6 26. Bxe5 Qxe5 27. Nxf6+
gxf6 28. Qxe5 fxe5 29. Bxb7 Rxd1 30. Bxc8 Rxf1+ 31. Kxf1 a5 32. Bxe6+ Kg7 33.
Bd5 Kf6 34. Kg2 h6 35. f3 Bc5 36. h4 Bb6 37. Kh3 Bf2 38. Kg4 Be1 39. Be4 Bf2
40. Kh3 Be1 41. Kg2 Ke6 42. Kh3 Kf6 43. g4 Bf2 44. g5+ hxg5 45. h5 Kg7 46. Kg4
Kh6 47. Bg6 Bb6 48. Kf5 Bd8 49. Kxe5 Bc7+ 50. Ke6 Bb6 51. Kd7 Kg7 52. Be8 Kh6
53. Bf7 Kg7 54. Be6 Kh6 55. Bg4 Kg7 56. Kc6 Bd8 57. Kd6 Kh6 58. Kd7 Bb6 59. Kc6
Bd8 60. Kd7 Bb6 61. Kc8 Kg7 62. Kb7 Bd8 63. Kc6 Kh6 64. Kd7 1/2-1/2

[Event "Xtracon Skakligaen"]
[Site "Denmark"]
[Date "2016.11.20"]
[Round "3.4"]
[White "Jaksland, Tim"]
[Black "Palm, Nikolaj"]
[Result "1/2-1/2"]
[WhiteElo "2230"]
[BlackElo "2321"]
[PlyCount "35"]
[EventDate "2016.10.29"]
[EventType "team-tourn"]
[EventRounds "9"]
[EventCountry "DEN"]
[WhiteTeam "Hillerod 1"]
[BlackTeam "Bronshoj 1"]
[WhiteTeamCountry "DEN"]
[BlackTeamCountry "DEN"]

1. Nf3 d5 2. c4 e6 3. g3 Nf6 4. Bg2 Be7 5. O-O O-O 6. b3 b6 7. Bb2 Bb7 8. e3
dxc4 9. bxc4 c5 10. Qe2 Nc6 11. Nc3 Rc8 12. d3 Rc7 13. Rfd1 Qa8 14. Ne1 Rd8 15.
f4 Nb4 16. Rd2 Bxg2 17. Nxg2 Rcd7 18. Qd1 1/2-1/2

[Event "Xtracon Skakligaen"]
[Site "Denmark"]
[Date "2016.11.20"]
[Round "3.5"]
[White "Greger, Roland Reinhard"]
[Black "Ostergaard, Jens"]
[Result "1-0"]
[WhiteElo "2307"]
[BlackElo "2239"]
[PlyCount "101"]
[EventDate "2016.10.29"]
[EventType "team-tourn"]
[EventRounds "9"]
[EventCountry "DEN"]
[WhiteTeam "Bronshoj 1"]
[BlackTeam "Hillerod 1"]
[WhiteTeamCountry "DEN"]
[BlackTeamCountry "DEN"]

1. e4 c5 2. Nf3 Nc6 3. c3 d5 4. exd5 Qxd5 5. d4 e6 6. Be3 cxd4 7. cxd4 Nf6 8.
Nc3 Bb4 9. Bd3 O-O 10. O-O Qh5 11. Ne5 Qxd1 12. Rfxd1 Ne7 13. a3 Bd6 14. Rac1
Ned5 15. Bg5 Nxc3 16. Rxc3 Nd5 17. Rc2 f6 18. Nc4 Bc7 19. Bd2 Bd7 20. Re1 Rac8
21. g3 b5 22. Ne3 Nxe3 23. fxe3 Bb6 24. Rec1 Rxc2 25. Rxc2 a6 26. Bb4 Rc8 27.
Bc5 Bxc5 28. dxc5 f5 29. e4 g6 30. b4 Bc6 31. exf5 gxf5 32. Kf2 Rd8 33. Ke3 Kf7
34. Rf2 h5 35. Be2 Kg6 36. Rf4 e5 37. Bxh5+ Kg5 38. Rf2 f4+ 39. gxf4+ exf4+ 40.
Rxf4 Kxh5 41. Rf6 Bd5 42. Kf4 Bc4 43. Rxa6 Rf8+ 44. Ke5 Re8+ 45. Kd4 Rd8+ 46.
Rd6 Ra8 47. c6 Rxa3 48. c7 Rd3+ 49. Kc5 Rc3 50. Kb6 Be2 51. Rc6 1-0

[Event "Xtracon Skakligaen"]
[Site "Denmark"]
[Date "2016.11.20"]
[Round "3.6"]
[White "Pedersen, Jan Nordenbaek"]
[Black "Skousen, Nikolai"]
[Result "1/2-1/2"]
[WhiteElo "2170"]
[BlackElo "2275"]
[PlyCount "27"]
[EventDate "2016.10.29"]
[EventType "team-tourn"]
[EventRounds "9"]
[EventCountry "DEN"]
[WhiteTeam "Hillerod 1"]
[BlackTeam "Bronshoj 1"]
[WhiteTeamCountry "DEN"]
[BlackTeamCountry "DEN"]

1. e4 c5 2. Nc3 g6 3. f4 Bg7 4. Nf3 Nc6 5. Bb5 Nd4 6. O-O Nxb5 7. Nxb5 a6 8.
Nc3 d6 9. d3 Nf6 10. Qe1 b5 11. Qh4 Bb7 12. f5 Qb6 13. Kh1 b4 14. Nd1 1/2-1/2

[Event "Xtracon Skakligaen"]
[Site "Denmark"]
[Date "2016.11.20"]
[Round "3.7"]
[White "Laursen, Niels Norskov"]
[Black "Pedersen, Martin Rosenkilde"]
[Result "1/2-1/2"]
[WhiteElo "2279"]
[BlackElo "2121"]
[PlyCount "44"]
[EventDate "2016.10.29"]
[EventType "team-tourn"]
[EventRounds "9"]
[EventCountry "DEN"]
[WhiteTeam "Bronshoj 1"]
[BlackTeam "Hillerod 1"]
[WhiteTeamCountry "DEN"]
[BlackTeamCountry "DEN"]

1. e4 e5 2. Nf3 Nc6 3. Bb5 a6 4. Ba4 Nf6 5. d3 d6 6. c3 g6 7. O-O Bg7 8. Re1
O-O 9. Nbd2 b5 10. Bc2 Nb8 11. d4 Nbd7 12. a4 Rb8 13. axb5 axb5 14. b4 c6 15.
Nb3 Qc7 16. dxe5 dxe5 17. Be3 Nb6 18. Bxb6 Rxb6 19. Nc5 Nd7 20. Nxd7 Bxd7 21.
Bb3 c5 22. Bd5 Be6 1/2-1/2

[Event "Xtracon Skakligaen"]
[Site "Denmark"]
[Date "2016.11.20"]
[Round "3.8"]
[White "Andersen, Ib Hother"]
[Black "Furrer, Christian"]
[Result "0-1"]
[WhiteElo "2152"]
[BlackElo "2221"]
[PlyCount "62"]
[EventDate "2016.10.29"]
[EventType "team-tourn"]
[EventRounds "9"]
[EventCountry "DEN"]
[WhiteTeam "Hillerod 1"]
[BlackTeam "Bronshoj 1"]
[WhiteTeamCountry "DEN"]
[BlackTeamCountry "DEN"]

1. d4 Nf6 2. Nf3 g6 3. Bf4 Bg7 4. Nc3 d6 5. e4 O-O 6. Qd2 c5 7. d5 a6 8. a4 Qa5
9. Ra3 Qb4 10. Qd3 Nxe4 11. Rb3 Nxf2 12. Qe3 Ng4 13. Qd2 Qa5 14. Be2 Nd7 15.
O-O c4 16. Ra3 Qb6+ 17. Kh1 Qxb2 18. Nb1 c3 19. Rxc3 Nc5 20. Rc4 Bf5 21. Nh4
Bd7 22. Rb4 Qa1 23. Bxg4 Bxg4 24. Bg5 f6 25. Be3 f5 26. h3 Ne4 27. Qe1 Be2 28.
Rg1 Qe5 29. g3 Qxd5 30. Kh2 Bh5 31. g4 Be5+ 0-1

[Event "Xtracon Skakligaen"]
[Site "Denmark"]
[Date "2016.11.20"]
[Round "3.1"]
[White "Matthiesen, Arne"]
[Black "Semcesen, Daniel"]
[Result "0-1"]
[WhiteElo "2325"]
[BlackElo "2469"]
[PlyCount "120"]
[EventDate "2016.10.29"]
[EventType "team-tourn"]
[EventRounds "9"]
[EventCountry "DEN"]
[WhiteTeam "SK 68 1"]
[BlackTeam "Team Nordea Skanderborg 1"]
[WhiteTeamCountry "DEN"]
[BlackTeamCountry "DEN"]

1. d4 f5 2. e4 fxe4 3. Nc3 Nf6 4. Bg5 Nc6 5. d5 Ne5 6. Qe2 Nf7 7. Bh4 c6 8.
O-O-O cxd5 9. Nxd5 e6 10. Nxf6+ gxf6 11. Qxe4 Bg7 12. Nf3 O-O 13. Bd3 f5 14.
Qb4 Qc7 15. g4 a5 16. Qa4 Ne5 17. Nxe5 Qxe5 18. gxf5 Qxb2+ 19. Kd2 Qc3+ 20. Ke2
exf5 21. Qc4+ d5 22. Qxd5+ Kh8 23. Rhg1 Re8+ 24. Kf1 Be6 25. Qb5 a4 26. Rg5 a3
27. Rxf5 Qc6 28. Qxc6 bxc6 29. c4 Bxf5 30. Bxf5 Re5 31. Bc2 Rae8 32. Bd3 Rh5
33. Bg3 Rd8 34. Ke2 Rh6 35. Kd2 Re6 36. Kc2 Bd4 37. Rb1 Bb2 38. Rd1 c5 39. Rf1
Bf6 40. Rb1 Bb2 41. Rg1 Rde8 42. f4 Rb6 43. Rb1 Kg7 44. f5 Kf7 45. Bf2 Rh6 46.
Bg3 Be5 47. Rb7+ Kf8 48. Ra7 Bxg3 49. hxg3 Rh2+ 50. Kc3 Rxa2 51. Rxh7 Rg2 52.
Ra7 Re3 53. Ra8+ Kg7 54. Ra7+ Kf6 55. Ra6+ Kg5 56. Rxa3 Rxd3+ 57. Kxd3 Rxg3+
58. Ke4 Rxa3 59. Kd5 Kxf5 60. Kxc5 Ke6 0-1

[Event "Xtracon Skakligaen"]
[Site "Denmark"]
[Date "2016.11.20"]
[Round "3.2"]
[White "Andersen, Jackie"]
[Black "Matthiesen, Martin"]
[Result "1/2-1/2"]
[WhiteElo "2382"]
[BlackElo "2317"]
[PlyCount "39"]
[EventDate "2016.10.29"]
[EventType "team-tourn"]
[EventRounds "9"]
[EventCountry "DEN"]
[WhiteTeam "Team Nordea Skanderborg 1"]
[BlackTeam "SK 68 1"]
[WhiteTeamCountry "DEN"]
[BlackTeamCountry "DEN"]

1. e4 e5 2. Nf3 Nc6 3. Bc4 Bc5 4. d3 Nf6 5. c3 d6 6. b4 Bb6 7. a4 a5 8. b5 Ne7
9. O-O O-O 10. Be3 Bxe3 11. fxe3 Ng6 12. Ra2 Qe7 13. Qe1 Be6 14. Nbd2 Rad8 15.
Bxe6 Qxe6 16. c4 Nd7 17. Nb1 Ra8 18. Nc3 c6 19. Rb2 Nc5 20. Qb1 1/2-1/2

[Event "Xtracon Skakligaen"]
[Site "Denmark"]
[Date "2016.11.20"]
[Round "3.3"]
[White "Hansen, Lars"]
[Black "Pedersen, Nicolai Vesterbaek"]
[Result "0-1"]
[WhiteElo "2270"]
[BlackElo "2371"]
[PlyCount "72"]
[EventDate "2016.10.29"]
[EventType "team-tourn"]
[EventRounds "9"]
[EventCountry "DEN"]
[WhiteTeam "SK 68 1"]
[BlackTeam "Team Nordea Skanderborg 1"]
[WhiteTeamCountry "DEN"]
[BlackTeamCountry "DEN"]

1. e4 e5 2. Nf3 Nc6 3. Bc4 Bc5 4. c3 Nf6 5. d4 exd4 6. cxd4 Bb4+ 7. Nc3 Nxe4 8.
O-O Bxc3 9. d5 Ne5 10. bxc3 Nxc4 11. Qd4 O-O 12. Qxc4 Nd6 13. Qf4 b6 14. Ba3
Ba6 15. Rfe1 Rc8 16. Nd4 g6 17. Re3 f5 18. Bxd6 cxd6 19. Rae1 Qf6 20. Re7 Rf7
21. Rxf7 Kxf7 22. Nf3 Bc4 23. Qh6 Kg8 24. Ng5 Qg7 25. Qxg7+ Kxg7 26. h4 Rc7 27.
Re7+ Kf8 28. Rf7+ Kg8 29. Re7 Bxd5 30. Nxh7 Bf7 31. Ng5 Bxa2 32. f4 a5 33. g4
Kf8 34. Rh7 Bg8 35. gxf5 Bxh7 36. Nxh7+ Kg7 0-1

[Event "Xtracon Skakligaen"]
[Site "Denmark"]
[Date "2016.11.20"]
[Round "3.4"]
[White "Bjerre, Jonas Buhl"]
[Black "Lindfeldt, Magnus"]
[Result "1/2-1/2"]
[WhiteElo "2357"]
[BlackElo "2266"]
[PlyCount "100"]
[EventDate "2016.10.29"]
[EventType "team-tourn"]
[EventRounds "9"]
[EventCountry "DEN"]
[WhiteTeam "Team Nordea Skanderborg 1"]
[BlackTeam "SK 68 1"]
[WhiteTeamCountry "DEN"]
[BlackTeamCountry "DEN"]

1. c4 e5 2. e3 Nf6 3. Nc3 Bb4 4. Nge2 d5 5. Nxd5 Nxd5 6. cxd5 Qxd5 7. a3 Bd6 8.
Nc3 Qe6 9. Qc2 Qg6 10. Qxg6 hxg6 11. b4 a5 12. b5 Nd7 13. Bc4 Nc5 14. d4 exd4
15. exd4 Ne6 16. Be3 Nf4 17. Kf1 Be6 18. Bxe6 Nxe6 19. Ne4 f5 20. Nxd6+ cxd6
21. d5 Nc7 22. Bf4 Kd7 23. Rd1 Rhe8 24. f3 Nxb5 25. Rb1 Nc7 26. Rb6 Ra6 27.
Rxb7 Kc8 28. Rb3 Nxd5 29. Bd2 Rc6 30. Kf2 Rc2 31. Rc1 Rxc1 32. Bxc1 Kc7 33. Bd2
a4 34. Rb5 Kc6 35. Ra5 Nb6 36. Ra7 Nc4 37. Bb4 Re3 38. Rxa4 Rb3 39. Ra7 f4 40.
g3 Rb2+ 41. Ke1 Rxh2 42. gxf4 Kd5 43. Rxg7 Kd4 44. Rxg6 Ke3 45. Re6+ Kxf3 46.
Kd1 Kxf4 47. Bxd6+ Kf5 48. Bxh2 Kxe6 49. a4 Nb2+ 50. Kc2 Nxa4 1/2-1/2

[Event "Xtracon Skakligaen"]
[Site "Denmark"]
[Date "2016.11.20"]
[Round "3.6"]
[White "Grove, Peter"]
[Black "Rewitz, Poul"]
[Result "1/2-1/2"]
[WhiteElo "2171"]
[BlackElo "2215"]
[PlyCount "43"]
[EventDate "2016.10.29"]
[EventType "team-tourn"]
[EventRounds "9"]
[EventCountry "DEN"]
[WhiteTeam "Team Nordea Skanderborg 1"]
[BlackTeam "SK 68 1"]
[WhiteTeamCountry "DEN"]
[BlackTeamCountry "DEN"]

1. e4 g6 2. d4 Bg7 3. c4 c6 4. Nc3 d5 5. e5 f6 6. f4 fxe5 7. fxe5 Nh6 8. cxd5
cxd5 9. Qb3 Nc6 10. Nf3 Nf5 11. Bb5 O-O 12. Bxc6 bxc6 13. O-O Ba6 14. Rd1 e6
15. Qa3 Bc8 16. Bg5 Qb6 17. Na4 Qa6 18. Qb3 h6 19. Bd2 g5 20. Nc5 Qb6 21. Qc3
a5 22. h3 1/2-1/2

[Event "Xtracon Skakligaen"]
[Site "Denmark"]
[Date "2016.11.20"]
[Round "3.7"]
[White "Christensen, Thomas K"]
[Black "Munk, Kai S"]
[Result "1-0"]
[WhiteElo "2225"]
[BlackElo "2039"]
[PlyCount "79"]
[EventDate "2016.10.29"]
[EventType "team-tourn"]
[EventRounds "9"]
[EventCountry "DEN"]
[WhiteTeam "SK 68 1"]
[BlackTeam "Team Nordea Skanderborg 1"]
[WhiteTeamCountry "DEN"]
[BlackTeamCountry "DEN"]

1. d4 Nf6 2. Nf3 d5 3. c4 c6 4. Qc2 e6 5. e3 Bd6 6. Nc3 O-O 7. Bd3 Nbd7 8. O-O
dxc4 9. Bxc4 e5 10. Rd1 Qc7 11. h3 exd4 12. Nxd4 Ne5 13. Be2 Qe7 14. b3 Be6 15.
f4 Ng6 16. f5 Bd5 17. fxg6 fxg6 18. Bf3 Qe5 19. Nxd5 cxd5 20. g4 Rae8 21. Qg2
Bc5 22. Rb1 Re7 23. Qh2 Rfe8 24. Qxe5 Rxe5 25. b4 Bb6 26. Bd2 h5 27. Kg2 a6 28.
a4 Ne4 29. Be1 Ng5 30. Nc2 Nxf3 31. Kxf3 Bxe3 32. Bg3 Rf8+ 33. Kg2 Bf4 34. Re1
Rg5 35. Bxf4 Rxf4 36. Kg3 Rc4 37. Kh4 Rf5 38. Ne3 g5+ 39. Kxh5 Kh7 40. gxf5 1-0

[Event "Xtracon Skakligaen"]
[Site "Denmark"]
[Date "2016.11.20"]
[Round "3.8"]
[White "Jessen, Claus Qvist"]
[Black "Pedersen, Gunnar"]
[Result "1-0"]
[WhiteElo "1952"]
[BlackElo "2222"]
[PlyCount "95"]
[EventDate "2016.10.29"]
[EventType "team-tourn"]
[EventRounds "9"]
[EventCountry "DEN"]
[WhiteTeam "Team Nordea Skanderborg 1"]
[BlackTeam "SK 68 1"]
[WhiteTeamCountry "DEN"]
[BlackTeamCountry "DEN"]

1. Nf3 d5 2. g3 Bg4 3. Bg2 Nd7 4. d4 e6 5. O-O c6 6. Nbd2 Ngf6 7. Re1 Be7 8. c3
O-O 9. e4 dxe4 10. Nxe4 Nxe4 11. Rxe4 Nf6 12. Re1 Nd5 13. Qb3 Qb6 14. Qxb6 axb6
15. Ne5 Bf5 16. g4 Bg6 17. Bxd5 cxd5 18. Nxg6 hxg6 19. Bf4 Rfc8 20. a3 Kf8 21.
Kf1 Ke8 22. Rac1 Kd7 23. Re3 Kc6 24. Ke2 Kb5 25. Kd3 Ra4 26. Rh3 g5 27. Be5 f6
28. Bg3 f5 29. gxf5 exf5 30. Be5 Bf6 31. Bxf6 gxf6 32. Rh6 Rc6 33. Rh7 Ra8 34.
Re1 Rcc8 35. Ree7 Re8 36. Rxb7 f4 37. Rbd7 Rad8 38. Rxd8 Rxd8 39. b3 Re8 40.
a4+ Kc6 41. Rh6 Rf8 42. c4 Kd6 43. h4 g4 44. Rg6 Ke6 45. Rxg4 Kf5 46. Rg1 Rh8
47. Rh1 Kg4 48. h5 1-0

[Event "Xtracon Skakligaen"]
[Site "Denmark"]
[Date "2016.11.20"]
[Round "3.1"]
[White "Teplyi, Igor"]
[Black "Rasmussen, Allan Stig"]
[Result "1/2-1/2"]
[WhiteElo "2431"]
[BlackElo "2513"]
[PlyCount "106"]
[EventDate "2016.10.29"]
[EventType "team-tourn"]
[EventRounds "9"]
[EventCountry "DEN"]
[WhiteTeam "Nordre 1"]
[BlackTeam "Jetsmark 1"]
[WhiteTeamCountry "DEN"]
[BlackTeamCountry "DEN"]

1. c4 Nf6 2. Nc3 c5 3. Nf3 b6 4. d4 cxd4 5. Nxd4 Bb7 6. f3 d6 7. e4 e6 8. Be3
Be7 9. Be2 O-O 10. O-O Nbd7 11. Qd2 a6 12. Rfd1 Rc8 13. Rac1 Re8 14. Bf1 Qc7
15. Kh1 Qb8 16. b4 Bf8 17. a3 Rc7 18. Nb3 Rec8 19. Bf4 Ne5 20. c5 bxc5 21. Nxc5
Rc6 22. Bxe5 dxe5 23. N3a4 Be7 24. Nb3 Rd8 25. Qe2 Rxd1 26. Qxd1 Rd6 27. Qc2
Rc6 28. Qd2 Rd6 29. Qb2 Nd7 30. Qe2 h6 31. Rd1 Qc7 32. Rxd6 Bxd6 33. Qc4 Qxc4
34. Bxc4 Bc6 35. Nac5 Bxc5 36. bxc5 Ba4 37. c6 Nb6 38. c7 Bxb3 39. Bxb3 Kf8 40.
Bc4 Ke7 41. Bxa6 Kd7 42. c8=Q+ Nxc8 43. Bxc8+ Kxc8 44. Kg1 Kc7 45. Kf2 Kb6 46.
Ke3 Kb5 47. Kd3 Ka4 48. Kc4 Kxa3 49. Kc5 Kb3 50. Kd6 Kc4 51. Kxe5 Kc5 52. f4
Kc6 53. f5 Kd7 1/2-1/2

[Event "Xtracon Skakligaen"]
[Site "Denmark"]
[Date "2016.11.20"]
[Round "3.2"]
[White "Thybo, Jesper Sondergaard"]
[Black "Petersen, Tom Petri"]
[Result "1-0"]
[WhiteElo "2358"]
[BlackElo "2341"]
[PlyCount "51"]
[EventDate "2016.10.29"]
[EventType "team-tourn"]
[EventRounds "9"]
[EventCountry "DEN"]
[WhiteTeam "Jetsmark 1"]
[BlackTeam "Nordre 1"]
[WhiteTeamCountry "DEN"]
[BlackTeamCountry "DEN"]

1. e4 g6 2. d4 Bg7 3. Nc3 a6 4. f4 d5 5. e5 h5 6. Nf3 Bg4 7. h3 Bxf3 8. Qxf3 e6
9. g3 Nd7 10. Be3 Ne7 11. O-O-O c5 12. Ne2 Qa5 13. Kb1 Nf5 14. Bf2 cxd4 15.
Nxd4 Nxd4 16. Bxd4 O-O-O 17. Bg2 Nb6 18. b3 Bf8 19. c4 Bb4 20. Qe3 Na8 21. cxd5
exd5 22. e6 Rde8 23. Rc1+ Nc7 24. Bb6 Rxe6 25. Qxe6+ fxe6 26. Rxc7+ 1-0

[Event "Xtracon Skakligaen"]
[Site "Denmark"]
[Date "2016.11.20"]
[Round "3.3"]
[White "Baekgaard, Martin"]
[Black "Jensen, Bjarke"]
[Result "1-0"]
[WhiteElo "2313"]
[BlackElo "2320"]
[PlyCount "55"]
[EventDate "2016.10.29"]
[EventType "team-tourn"]
[EventRounds "9"]
[EventCountry "DEN"]
[WhiteTeam "Nordre 1"]
[BlackTeam "Jetsmark 1"]
[WhiteTeamCountry "DEN"]
[BlackTeamCountry "DEN"]

1. d4 d5 2. c4 c6 3. e3 Nf6 4. Bd3 g6 5. Nf3 Bg7 6. Nbd2 a6 7. Qc2 Nbd7 8. O-O
c5 9. cxd5 Nxd5 10. Bc4 N7b6 11. dxc5 Nxc4 12. Nxc4 Qc7 13. e4 Nf6 14. Nb6 Rb8
15. Bg5 O-O 16. e5 Bf5 17. Qc1 Ne4 18. Nd5 Qxc5 19. Qxc5 Nxc5 20. Bxe7 Rfc8 21.
Bd6 Bf8 22. Bxb8 Rxb8 23. Rfd1 Kg7 24. Nd4 Bg4 25. f3 Bc8 26. Nb6 Ne6 27. Nb3
Nc5 28. Nxc8 1-0

[Event "Xtracon Skakligaen"]
[Site "Denmark"]
[Date "2016.11.20"]
[Round "3.4"]
[White "Thogersen, Rasmus"]
[Black "Olsen, Filip Boe"]
[Result "1-0"]
[WhiteElo "2122"]
[BlackElo "2241"]
[PlyCount "73"]
[EventDate "2016.10.29"]
[EventType "team-tourn"]
[EventRounds "9"]
[EventCountry "DEN"]
[WhiteTeam "Jetsmark 1"]
[BlackTeam "Nordre 1"]
[WhiteTeamCountry "DEN"]
[BlackTeamCountry "DEN"]

1. e4 c6 2. d4 d5 3. Nd2 dxe4 4. Nxe4 Bf5 5. Ng3 Bg6 6. h4 h6 7. Nf3 Nf6 8. Ne5
Bh7 9. Bd3 Nbd7 10. Bxh7 Nxe5 11. dxe5 Qa5+ 12. Kf1 Nxh7 13. e6 Qd5 14. Qxd5
cxd5 15. Ne2 fxe6 16. Nf4 Nf6 17. Ng6 Rg8 18. Bf4 e5 19. Nxe5 Rc8 20. c3 e6 21.
Re1 Bd6 22. Ng6 Kd7 23. Rh3 Rge8 24. Rhe3 Rc4 25. Bxd6 Kxd6 26. f3 Ra4 27. a3
Nd7 28. g3 e5 29. Rd1 Re6 30. Red3 Nb6 31. h5 Rf6 32. Kg2 Rf5 33. g4 Rg5 34.
R3d2 Ra5 35. Kg3 Nc4 36. Re2 Rb5 37. Nh8 1-0